00559nam a2200157 a 45000010005000000030005000050050017000100080041000270400026000682450097000942600046001916000034002379420013002719990015002849520102002993957CDMR20130805132438.0130130s1999||||||||||||||||||||||||||||d aCDMRbcatcCPC LLEIDA00aAntoni Rovira i Virgili b: 1882-1949c[selecció a cura de: Teresa Rovira i Lluís Duran] aBarcelonac1999bGeneralitat de Catalunya1 9139aRovira i Virgili, Antoni cMON2ddc c3957d3957 00104070aLLEIDAbLLEIDAd2011-07-28l0o143 PERIOpLLEIDA13110034r2013-01-16w2013-01-16yMON